| 000 | 01511cam a2200241 4500 | ||
|---|---|---|---|
| 001 | ABS64892 | ||
| 008 | 011210n2001 000 0 eng u | ||
| 035 | _a(Sirsi) u115934 | ||
| 100 | _aLillywhite, C | ||
| 245 | _aBreaking the mould | ||
| 260 | _c2001 | ||
| 490 |
_aWastes Management _vNovember 2001, 38-39(2) |
||
| 520 | _aGovernment is encouraging developers to reclaim contaminated land with a target that 60% of domestic construction occurs on brownfield sites and the introduction of regional land contamination registers and compliance notices. Article looks at the range of remediation techniques available and asks why traditional methods such as 'dig and dump' are still preferred to innovative techniques incorporating biological, chemical or physical processes. Examines the issue of risk with contaminated land treatment and highlights a CIRIA project which aims to make the lessons learned from current commerical practices available to the industry. The findings of CIRIA's study have been used to create guidance on the selection and application of biological techniques on contaminated sites. For further information on CIRIA's work on contaminated land call +44 (0) 20 7222 8891 or email: [email protected]. Table. | ||
| 590 | _aABS | ||
| 650 | _aCONTAMINATED LAND | ||
| 650 | _aCIRIA | ||
| 650 | _aLAND REMEDIATION | ||
| 650 | _aBROWNFIELD SITES | ||
| 650 | _aRISK ASSESSMENT | ||
| 650 | _aREMEDIATION METHODS | ||
| 690 | _aENVIRONMENT-CONTAMINATION | ||
| 942 | _n0 | ||
| 999 |
_c69062 _d69062 |
||